Permitir trazar ver (Record no. 176)

MARC details
000 -LEADER
campo de control de longitud fija 00394 a2200121 4500
082 ## - NÚMERO DE LA CLASIFICACIÓN DECIMAL DEWEY
Número de clasificación 777
Número de ítem D353p
100 ## - ENTRADA PRINCIPAL--NOMBRE DE PERSONA
Nombre de persona Deligny, Fernand
9 (RLIN) 844
245 ## - MENCIÓN DEL TÍTULO
Título Permitir trazar ver
260 ## - PUBLICACIÓN, DISTRIBUCIÓN, ETC.
Lugar de publicación, distribución, etc. Barcelona
Nombre del editor, distribuidor, etc. Museu d'Art Contemporani
Fecha de publicación, distribución, etc. 2009
300 ## - DESCRIPCIÓN FÍSICA
Extensión 139 p
Otras características físicas ill (col)
Dimensiones 22.5 cm
650 ## - PUNTO DE ACCESO ADICIONAL DE MATERIA--TÉRMINO DE MATERIA
Término de materia o nombre geográfico como elemento de entrada arte
Subdivisión general director-productor cinematografico
-- niǫs artistas
-- profesor de arte
Subdivisión geográfica Francia
9 (RLIN) 845
700 ## - ENTRADA AGREGADA--NOMBRE PERSONAL
Nombre de persona Fernand Deligny
9 (RLIN) 846
Holdings
Estatus retirado Estado de pérdida Fuente del sistema de clasificación o colocación Estado de daño No para préstamo Biblioteca de origen Biblioteca actual Ubicación en estantería Fecha de adquisición Total de préstamos Signatura topográfica completa Código de barras Visto por última vez Precio de reemplazo Tipo de ítem Koha
    Clasificación Decimal Dewey     Biblioteca LadoV Biblioteca LadoV   26/05/2014   777 D353p 000126 26/05/2014 26/05/2014 Material 01